[Event "Titled Tuesday intern op 06th Aug Early"]
[Site "Chess.com INT"]
[Date "2024.08.06"]
[Round "4"]
[White "Umarov, Sabir"]
[Black "Balaji, Aaravamudhan"]
[Result "0-1"]
[WhiteElo "2364"]
[BlackElo "2355"]
[PlyCount "112"]
[EventDate "2024.08.06"]
[EventType "swiss (blitz)"]
[EventRounds "11"]
[EventCountry "USA"]
[SourceTitle "EXT 2025"]
[Source "ChessBase"]
[SourceDate "2024.10.14"]
[SourceVersion "1"]
[SourceVersionDate "2024.10.14"]
[SourceQuality "1"]

1. e4 b6 2. Nc3 Bb7 3. d4 d6 4. Bd3 Nd7 5. Nge2 g6 6. 0-0 Bg7 7. f4 e5 8. fxe5 dxe5 9. Bc4 Ngf6 10. Bg5 0-0 11. dxe5 Nxe5 12. Qxd8 Raxd8 13. Bb3 Nfg4 14. Bxd8 Rxd8 15. Rad1 Re8 16. Nd5 c6 17. h3 cxd5 18. hxg4 dxe4 19. g5 Bf8 20. Nf4 Bc5+ 21. Kh2 Ng4+ 22. Kg3 Ne3 23. Nd5 Bxd5 24. Bxd5 Nxf1+ 25. Rxf1 Re7 26. Kf4 Bd6+ 27. Ke3 Bc5+ 28. Ke2 Kg7 29. Rf4 e3 30. Re4 Rd7 31. c4 Re7 32. Rxe7 Bxe7 33. Kxe3 Bxg5+ 34. Ke4 Bf6 35. b4 Bc3 36. c5 Bxb4 37. c6 Bd6 38. Bc4 Kf8 39. Kd5 Ke7 40. Bb5 Bc7 41. Bd3 f5 42. Bc4 Kf6 43. Bd3 h5 44. Be2 h4 45. Bf3 g5 46. Be2 g4 47. Bd1 h3 48. gxh3 gxh3 49. Bf3 h2 50. Bh1 Bb8 51. a4 Bc7 52. Bg2 Bb8 53. Bh1 Kg5 54. Ke6 a6 55. Kd7 b5 56. axb5 axb5 0-1

[Event "Titled Tuesday intern op 11th Jun Early"]
[Site "Chess.com INT"]
[Date "2024.06.11"]
[Round "3"]
[White "Umarov, Sabir"]
[Black "Bournel, Antoine"]
[Result "0-1"]
[WhiteElo "2364"]
[BlackElo "2343"]
[PlyCount "48"]
[EventDate "2024.06.11"]
[EventType "swiss (blitz)"]
[EventRounds "11"]
[EventCountry "USA"]
[SourceTitle "EXT 2025"]
[Source "ChessBase"]
[SourceDate "2024.10.14"]
[SourceVersion "1"]
[SourceVersionDate "2024.10.14"]
[SourceQuality "1"]

1. e4 Nc6 2. d4 d5 3. e5 Bf5 4. Nf3 e6 5. Be2 Nge7 6. 0-0 Qd7 7. b3 f6 8. Bb2 0-0-0 9. c4 fxe5 10. Nxe5 Nxe5 11. dxe5 d4 12. Bf3 Nc6 13. Re1 Bb4 14. Nd2 g5 15. a3 Bc3 16. Qc1 Bxb2 17. Qxb2 g4 18. Bxc6 Qxc6 19. Rad1 h5 20. b4 h4 21. b5 Qe8 22. Ne4 Qg6 23. Rxd4 Bxe4 24. Rdxe4 Qxe4 0-1

[Event "Titled Tuesday intern op 28th May Early"]
[Site "Chess.com INT"]
[Date "2024.05.28"]
[Round "1"]
[White "Skliarov, Viktor"]
[Black "Umarov, Sabir"]
[Result "1-0"]
[WhiteElo "2345"]
[BlackElo "2364"]
[PlyCount "41"]
[EventDate "2024.05.28"]
[EventType "swiss (blitz)"]
[EventRounds "11"]
[EventCountry "USA"]
[SourceTitle "EXT 2025"]
[Source "ChessBase"]
[SourceDate "2024.10.14"]
[SourceVersion "1"]
[SourceVersionDate "2024.10.14"]
[SourceQuality "1"]

1. e4 c6 2. d4 d5 3. e5 g6 4. h3 Bg7 5. Ne2 f6 6. f4 Nh6 7. Ng3 0-0 8. exf6 exf6 9. Bd3 Re8+ 10. Kf2 Qb6 11. c3 c5 12. Re1 Rxe1 13. Qxe1 cxd4 14. Qe8+ Bf8 15. Qxc8 dxc3+ 16. Be3 Qxb2+ 17. Kf3 Qxa1 18. Qxb7 Qxa2 19. Nxc3 Qa5 20. Nxd5 Bg7 21. Qxa8 1-0

[Event "Titled Tuesday intern op 23rd Apr Early"]
[Site "Chess.com INT"]
[Date "2024.04.23"]
[Round "3"]
[White "Llari, Marc"]
[Black "Umarov, Sabir"]
[Result "1/2-1/2"]
[WhiteElo "2182"]
[BlackElo "2364"]
[PlyCount "133"]
[EventDate "2024.04.23"]
[EventType "swiss (blitz)"]
[EventRounds "11"]
[EventCountry "USA"]
[SourceTitle "EXT 2025"]
[Source "ChessBase"]
[SourceDate "2024.10.14"]
[SourceVersion "1"]
[SourceVersionDate "2024.10.14"]
[SourceQuality "1"]

1. d4 c6 2. Nf3 g6 3. Bf4 Bg7 4. e3 Qb6 5. b3 d5 6. c4 Bg4 7. Be2 dxc4 8. bxc4 Bxf3 9. Bxf3 Nd7 10. 0-0 e5 11. Bg3 exd4 12. exd4 Bxd4 13. Re1+ Kf8 14. Bd6+ Kg7 15. c5 Bxc5 16. Bxc5 Nxc5 17. Nc3 Nf6 18. Rb1 Qa5 19. Qd4 Rhd8 20. Qe3 Re8 21. Qd2 Rad8 22. Qc2 Rxe1+ 23. Rxe1 Na4 24. Rc1 Qxc3 25. Qxc3 Nxc3 26. Rxc3 Rd7 27. h4 h5 28. a4 Nd5 29. Rc5 Kf6 30. a5 Ke6 31. a6 Kd6 32. axb7 Rxb7 33. Ra5 Nb4 34. Kh2 Rc7 35. Kg3 c5 36. Ra4 Ke5 37. Be2 Kd4 38. Kf4 Kc3 39. Ra3+ Kb2 40. Ra5 Nd5+ 41. Ke5 Nb6 42. Rb5+ Kc3 43. Kd6 Rc8 44. Rxc5+ Rxc5 45. Kxc5 Kd2 46. Bb5 Ke1 47. f4 Kf2 48. Be8 Kxg2 49. Bxf7 Kg3 50. Bxg6 Kxh4 51. f5 Kg5 52. Kd6 h4 53. Be8 h3 54. Ke6 h2 55. Bc6 Nc8 56. f6 Nd6 57. Kxd6 Kxf6 58. Kc5 a5 59. Kb5 Ke5 60. Bh1 Kd6 61. Kxa5 Ke5 62. Kb4 Kf4 63. Kc3 Kg3 64. Kd2 Kf2 65. Be4 Kg1 66. Ke2 h1Q 67. Bxh1 1/2-1/2

[Event "Titled Tuesday intern op 23rd Apr Early"]
[Site "Chess.com INT"]
[Date "2024.04.23"]
[Round "8"]
[White "Shinkarev, M."]
[Black "Umarov, Sabir"]
[Result "0-1"]
[WhiteElo "2111"]
[BlackElo "2364"]
[PlyCount "246"]
[EventDate "2024.04.23"]
[EventType "swiss (blitz)"]
[EventRounds "11"]
[EventCountry "USA"]
[SourceTitle "EXT 2025"]
[Source "ChessBase"]
[SourceDate "2024.10.14"]
[SourceVersion "1"]
[SourceVersionDate "2024.10.14"]
[SourceQuality "1"]

1. c4 c6 2. e4 d6 3. Nc3 g6 4. g3 Bg7 5. Bg2 h5 6. h3 h4 7. g4 f5 8. exf5 gxf5 9. Qc2 fxg4 10. Qg6+ Kf8 11. hxg4 Rh6 12. Qg5 Bf6 13. Qf4 e5 14. Qf3 Rg6 15. Bh3 Kg7 16. d3 Nd7 17. Nge2 Nc5 18. Ne4 Nxe4 19. dxe4 Qb6 20. Rb1 Be6 21. b3 Rf8 22. Qe3 Bxg4 23. Qxb6 axb6 24. Be3 Bf3 25. Rf1 Bxe4 26. Rd1 d5 27. Nc3 Bf3 28. Bxb6 Bxd1 29. Nxd1 d4 30. Bf5 Rg5 31. Be4 Ra8 32. a4 Be7 33. Nb2 Nf6 34. Bc2 c5 35. Nd3 Nd7 36. Bc7 Rc8 37. Ba5 b6 38. Bd2 Rg2 39. Nc1 Nf6 40. Bf5 e4 41. Bxc8 Bd6 42. Bh3 Rh2 43. Bf5 d3 44. Rg1+ Kf7 45. Nxd3 exd3 46. Bxd3 Be5 47. Bg6+ Ke7 48. Bg5 h3 49. Ke2 Ke6 50. Bxf6 Kxf6 51. Be4 Bd4 52. Rf1 Ke5 53. Bd5 Kf4 54. Kd3 Rxf2 55. Rh1 h2 56. b4 Kg3 57. a5 bxa5 58. b5 Rb2 59. Ke4 a4 60. Ra1 Rg2 61. Kd3 Rg1 62. Rxa4 h1Q 63. Bxh1 Rxh1 64. Ra8 Kf4 65. Rg8 Ke5 66. Re8+ Kd6 67. Rd8+ Kc7 68. Re8 Rd1+ 69. Kc2 Ra1 70. Kd3 Kb6 71. Re6+ Kc7 72. Rc6+ Kb7 73. Ke4 Ra3 74. Kd5 Re3 75. Re6 Rxe6 76. Kxe6 Kb6 77. Kd6 Bc3 78. Kd5 Be1 79. Kd6 Bg3+ 80. Kd5 Bh4 81. Kd6 Bg5 82. Kd5 Be7 83. Ke6 Bf8 84. Kf7 Bh6 85. Ke6 Bd2 86. Kd5 Bb4 87. Kd6 Bc3 88. Kd5 Bd4 89. Kd6 Kb7 90. Kd5 Kc7 91. Ke6 Bc3 92. Kd5 Bb4 93. Ke6 Ba5 94. Kd5 Bb6 95. Ke6 Ba7 96. Kd5 Kd7 97. Ke5 Bb6 98. Kd5 Kc7 99. Ke6 Ba5 100. Kd5 Kb6 101. Kd6 Be1 102. Kd7 Bf2 103. Kd6 Ka5 104. Kc6 Kb4 105. Kd5 Bg3 106. b6 Bb8 107. b7 Bh2 108. Kc6 Kxc4 109. Kd7 Kb4 110. Kc8 c4 111. Kd7 c3 112. Ke6 c2 113. Kd5 c1Q 114. b8Q+ Bxb8 115. Ke4 Qc4+ 116. Kf5 Kc3 117. Kg5 Kd4 118. Kg6 Qf1 119. Kh7 Qg2 120. Kh6 Be5 121. Kh5 Bf6 122. Kh6 Qg7+ 123. Kh5 Qg5# 0-1

[Event "Titled Tuesday intern op 23rd Apr Early"]
[Site "Chess.com INT"]
[Date "2024.04.23"]
[Round "1"]
[White "Umarov, Sabir"]
[Black "Goncharov, Vladimir"]
[Result "1/2-1/2"]
[WhiteElo "2364"]
[BlackElo "2077"]
[PlyCount "37"]
[EventDate "2024.04.23"]
[EventType "swiss (blitz)"]
[EventRounds "11"]
[EventCountry "USA"]
[SourceTitle "EXT 2025"]
[Source "ChessBase"]
[SourceDate "2024.10.14"]
[SourceVersion "1"]
[SourceVersionDate "2024.10.14"]
[SourceQuality "1"]

1. e4 e6 2. d4 d5 3. e5 c5 4. c3 Nc6 5. Nf3 Nge7 6. Be2 cxd4 7. cxd4 Nf5 8. a3 Nh4 9. 0-0 Nxf3+ 10. Bxf3 Qb6 11. Be3 Qxb2 12. Nd2 Be7 13. Nb3 0-0 14. Be2 a5 15. Bc1 Qc3 16. Bd2 Qb2 17. Bc1 Qc3 18. Bd2 Qb2 19. Bc1 1/2-1/2

[Event "Titled Tuesday intern op 05th Dec Early"]
[Site "Chess.com INT"]
[Date "2023.12.05"]
[Round "2"]
[White "Silva Lucena, Cristian"]
[Black "Umarov, Sabir"]
[Result "1-0"]
[WhiteElo "2323"]
[BlackElo "2364"]
[PlyCount "91"]
[EventDate "2023.12.05"]
[EventType "swiss (blitz)"]
[EventRounds "11"]
[EventCountry "USA"]
[SourceTitle "EXT 2025"]
[Source "ChessBase"]
[SourceDate "2024.10.14"]
[SourceVersion "1"]
[SourceVersionDate "2024.10.14"]
[SourceQuality "1"]

1. d4 g6 2. c4 Bg7 3. Nc3 c6 4. Nf3 d5 5. e3 Nf6 6. Be2 0-0 7. 0-0 Bf5 8. b3 Ne4 9. Nxe4 dxe4 10. Ne1 c5 11. Bb2 Nc6 12. Nc2 Qd7 13. Rb1 Rad8 14. d5 Bxb2 15. Rxb2 Ne5 16. Ne1 h5 17. Rd2 e6 18. Qa1 Qc7 19. d6 Qa5 20. Rd1 Nc6 21. h3 e5 22. g4 hxg4 23. hxg4 Be6 24. Kg2 Rd7 25. Qb1 f5 26. f4 Qd8 27. fxe5 Nxe5 28. Qb2 Nf7 29. Rh1 Rxd6 30. Rxd6 Qxd6 31. Qf6 Bc8 32. Rh8+ Nxh8 33. Qxd6 fxg4 34. Qxc5 b6 35. Qd5+ Kg7 36. Qd4+ Kh6 37. Qxe4 Bf5 38. Qf4+ Kg7 39. Bxg4 Rf6 40. Bxf5 Rxf5 41. Qd4+ Kh6 42. Nf3 Nf7 43. e4 Rf4 44. Kg3 g5 45. Qd7 Rxe4 46. Qxf7 1-0

[Event "Titled Tuesday intern op 21st Nov Early"]
[Site "Chess.com INT"]
[Date "2023.11.21"]
[Round "3"]
[White "Umarov, Sabir"]
[Black "Silva Lucena, Cristian"]
[Result "0-1"]
[WhiteElo "2364"]
[BlackElo "2343"]
[PlyCount "136"]
[EventDate "2023.11.21"]
[EventType "swiss (blitz)"]
[EventRounds "11"]
[EventCountry "USA"]
[SourceTitle "EXT 2025"]
[Source "ChessBase"]
[SourceDate "2024.10.14"]
[SourceVersion "1"]
[SourceVersionDate "2024.10.14"]
[SourceQuality "1"]

1. e4 c5 2. Nc3 a6 3. g3 b5 4. Bg2 Bb7 5. d3 e6 6. f4 d5 7. e5 h5 8. Nf3 Ne7 9. d4 Nf5 10. Ne2 Nc6 11. c3 h4 12. g4 h3 13. gxf5 hxg2 14. Rg1 exf5 15. Rxg2 Bc8 16. Be3 c4 17. Ng3 Be6 18. Ng5 Qd7 19. Qc2 0-0-0 20. 0-0-0 Kb7 21. Rdg1 Re8 22. Kb1 a5 23. Ka1 Ka6 24. b3 Rb8 25. Rb1 Be7 26. Nxe6 fxe6 27. Nf1 Bf8 28. Nd2 Rh3 29. Bg1 b4 30. Rg3 Rxg3 31. hxg3 bxc3 32. Qxc3 Bb4 33. Qc2 c3 34. Nf3 Na7 35. Ne1 Nb5 36. Rc1 Na3 37. Qe2+ Qb5 38. Qxb5+ Kxb5 39. Nc2 Nxc2+ 40. Rxc2 Rh8 41. a3 Rh1 42. Rg2 Bxa3 43. Ka2 Bb4 44. Kb1 a4 45. bxa4+ Kxa4 46. Kc2 Kb5 47. g4 g6 48. gxf5 gxf5 49. Rg6 Kc4 50. Rg2 Rh3 51. Rg5 Rd3 52. Rg2 Rd2+ 53. Rxd2 cxd2 54. Bf2 Bc3 55. Bg3 Kxd4 56. Bh2 Kc4 57. Bg3 Bb4 58. Bf2 d4 59. Bg3 d3+ 60. Kd1 Kd4 61. Bh2 Ke4 62. Bg3 Kf3 63. Bh2 Bc3 64. Bg3 Bxe5 65. Bh4 Bxf4 66. Bf6 e5 67. Bg5 e4 68. Bxf4 Kxf4 0-1

[Event "Titled Tuesday intern op 07th Nov Early"]
[Site "Chess.com INT"]
[Date "2023.11.07"]
[Round "1"]
[White "Umarov, Sabir"]
[Black "Aashman, Gupta"]
[Result "1-0"]
[WhiteElo "2364"]
[BlackElo "2235"]
[PlyCount "95"]
[EventDate "2023.11.07"]
[EventType "swiss (blitz)"]
[EventRounds "11"]
[EventCountry "USA"]
[SourceTitle "EXT 2025"]
[Source "ChessBase"]
[SourceDate "2024.10.14"]
[SourceVersion "1"]
[SourceVersionDate "2024.10.14"]
[SourceQuality "1"]

1. e4 b6 2. d4 Bb7 3. Nc3 e6 4. Be3 Bb4 5. Nge2 Bxe4 6. a3 Bxc3+ 7. Nxc3 Bb7 8. Bd3 f5 9. Qh5+ g6 10. Qh3 Nf6 11. 0-0-0 0-0 12. f3 d6 13. Rhg1 Nbd7 14. g4 fxg4 15. fxg4 Nd5 16. Bh6 Nxc3 17. bxc3 Rf3 18. Rg3 Qf6 19. g5 Qf4+ 20. Kb2 Re8 21. Bc4 Qf5 22. Qh4 Rf4 23. Qh3 Qxh3 24. Rxh3 d5 25. Bb5 c6 26. Bd3 e5 27. dxe5 Nxe5 28. Kb3 Nxd3 29. cxd3 Bc8 30. Rg3 Bf5 31. Rgg1 Re2 32. Rgf1 Rh4 33. Rde1 Rhxh2 34. Rxe2 Rxe2 35. Rf4 c5 36. Ra4 a5 37. Rf4 Re3 38. d4 c4+ 39. Ka4 Rxc3 40. Kb5 Rb3+ 41. Kc6 c3 42. Rf1 c2 43. Re1 Rc3+ 44. Kd6 c1Q 45. Re8+ Kf7 46. Re7+ Kg8 47. Re8+ Kf7 48. Rf8# 1-0

[Event "Titled Tuesday intern op 24th Oct Early"]
[Site "Chess.com INT"]
[Date "2023.10.24"]
[Round "1"]
[White "Suleymanli, Suleyman"]
[Black "Umarov, Sabir"]
[Result "0-1"]
[WhiteElo "2240"]
[BlackElo "2364"]
[PlyCount "74"]
[EventDate "2023.10.24"]
[EventType "swiss (blitz)"]
[EventRounds "11"]
[EventCountry "USA"]
[SourceTitle "EXT 2025"]
[Source "ChessBase"]
[SourceDate "2024.10.14"]
[SourceVersion "1"]
[SourceVersionDate "2024.10.14"]
[SourceQuality "1"]

1. d4 g6 2. Nf3 Bg7 3. c4 c6 4. Nc3 d6 5. g3 f5 6. Bg2 Nf6 7. 0-0 0-0 8. Re1 Nbd7 9. b3 d5 10. cxd5 cxd5 11. Ne5 e6 12. Ba3 Re8 13. f4 Qa5 14. Bb2 Ne4 15. Nxe4 fxe4 16. a3 Nxe5 17. dxe5 Bd7 18. Qd4 Rec8 19. Rac1 Bf8 20. b4 Qb6 21. Qxb6 axb6 22. Kf2 Bb5 23. Ke3 Kf7 24. g4 Be7 25. Kd2 Bc4 26. Rf1 Ke8 27. Bh3 Kd7 28. e3 Bxf1 29. Rxf1 Rc4 30. f5 Rac8 31. fxe6+ Ke8 32. Rc1 Rxc1 33. Bxc1 Bg5 34. Bb2 Ke7 35. Bg2 Kxe6 36. Bd4 Rc4 37. Bf1 Rxd4+ 0-1

[Event "Titled Tuesday intern op 24th Oct Early"]
[Site "Chess.com INT"]
[Date "2023.10.24"]
[Round "5"]
[White "Umarov, Sabir"]
[Black "Vedder, Richard"]
[Result "1-0"]
[WhiteElo "2364"]
[BlackElo "2262"]
[PlyCount "39"]
[EventDate "2023.10.24"]
[EventType "swiss (blitz)"]
[EventRounds "11"]
[EventCountry "USA"]
[SourceTitle "EXT 2025"]
[Source "ChessBase"]
[SourceDate "2024.10.14"]
[SourceVersion "1"]
[SourceVersionDate "2024.10.14"]
[SourceQuality "1"]

1. e4 e5 2. Nf3 Nc6 3. Bc4 Nf6 4. d3 h6 5. a3 d6 6. Nc3 g6 7. h3 Bg7 8. Be3 0-0 9. Qd2 Kh7 10. g4 Nd7 11. g5 h5 12. Nd5 Ne7 13. Nf6+ Nxf6 14. gxf6 Bxf6 15. Ng5+ Kg7 16. Rg1 d5 17. exd5 Nxd5 18. Bxd5 Qxd5 19. Ne4 Bf5 20. Bh6+ 1-0